000 00685nam a22002297a 4500
005 20170124110252.0
010 _aA-333761
020 _c00.00
035 _aA-333761
037 _bCen Lib/Ret
040 _aDPL
_bEN
082 _a374
_bUNE
110 _aUNESCO
_999398
245 _aContinuing education in Asia and the Pacific
260 _aBangkok
_bUNESCO
_c1987
270 _bBangkok
_aP.O. box 1425, general office
_e10501
300 _avarious pagings
_c21cm(Hb)
500 _aIncludes bibliographical reference
650 _aEducation -- Asia
_999399
650 _aEducation development -- Asia and Pacific
_999400
942 _2ddc
_cEN
_h374
_mUNE
999 _c135929
_d135929